| 000 | 00337nam a2200133Ia 4500 | ||
|---|---|---|---|
| 100 | _aAmrine/H.T./ Ritchey/J.A | ||
| 942 | _cBK | ||
| 654 | _amanufacturing organisation | ||
| 245 | _aManufacturing organisation & management | ||
| 260 |
_bprentice hall _aNew Jersey _c1975 |
||
| 082 |
_a658 _bAMR/RIT |
||
| 300 | _a588 | ||
| 546 | _aENGLISH | ||
| 999 |
_c35053 _d35053 |
||